Open Data Biblioteca Nacional de Portugal


República Portuguesa: Ministério da Cultura
Biblioteca Nacional de Portugal

Catálogo da BNP: acesso por Identificadores Unívocos
Registos Bibliográficos associados ao registo de autoridade

Etiqueta de registo: 00410nam 22001571i 450
001 1271410
003 http://id.bnportugal.gov.pt/bib/catbnp/1271410
100 ## $a20020801d1858 m y0pory010305 ba
101 0# $afre
102 ## $aFR
200 1# $aPetits traités sur la Religion ...$fMillet
210 #9 $aParis$cAdrien le Clerc et Cie$d1858
215 ## $a1 vol.$d17 cm
700 #1 $aMillet,$bJacques Nicolas Thomas,$f1797-1873,$cS.J.$31215830
801 #0 $aPT$bBN
801 #1 $aFR$bJOUVE
966 ## $lBN$mFGMON$sR. 26072 P.$x0
997 ## $aBIBEOD

Etiqueta de registo: 00535cam 2200205 450
001 754538
003 http://id.bnportugal.gov.pt/bib/catbnp/754538
005 19990108000000.0
095 ## $aPTBN00541867
100 ## $a19940118d1950 km y0pory0103 ba
101 1# $apor$cfre
102 ## $aPT
105 ## $aa z 000yy
106 ## $ar
200 1# $aJesus vivo no padre$econsiderações sobre a excelência e santidade do sacerdócio$frev. Pe. Millet$gversão da 3ª ed. francesa pelo M. M. d'Almeida
205 ## $a2ª ed. cuidadosamente rev. e actualiz
210 #9 $aPorto$c[s.n.],$d1950$ePorto :$gTip. Fonseca)
215 ## $a418, [2] p.$cil.$d16 cm
675 ## $a262.14$vBN$zpor$3615955
675 ## $a2(32)$vBN$zpor$3289961
700 #1 $aMillet,$bJacques Nicolas Thomas,$f1797-1873,$cS.J.$31215830
702 #1 $aAlmeida,$bM. M. d'$4730$3719950
801 #0 $aPT$bBN$gRPC
966 ## $lBN$mFGMON$sR. 31167 P.
966 ## $lBN$mFGMON$pBiblioteca Popular$sR. 41154 P.$x6

Etiqueta de registo: 00254nam 2200025 450
001 2062700
003 http://id.bnportugal.gov.pt/bib/catbnp/2062700
100 ## $a20210105f1873 m y0pory01030103ba
101 0# $afre
102 ## $aFR
105 ## $ay z 000yy
106 ## $ar
200 1# $aVie et oeuvres de Sainte Catherine de Gênes$fMarie Théodore de Bussière
205 ## $a2ème édition revue et corrigée par le R. P. Millet,...
210 #9 $aParis$cAllard,$d[1873]
215 ## $aIX, [1 br.], 444 p.$d19 cm
304 ## $adata retirada de catálogo BnF
317 ## $aPert. na p. de tít.: «BIBLIOTHECA DO CONVENTO DE VARATOJO» (carimbo)$5PTBN: VAR. 2620
700 #1 $aBussierre,$bThéodore de,$cVisconde,$f1802-1865$388676
702 #1 $aMillet,$bJacques Nicolas Thomas,$f1797-1873,$cS.J.$4340$31215830
712 02 $aOrdem dos Frades Menores.$bMissionários Apostólicos.$bConvento de Santo António$c(Varatojo, Torres Vedras)$4390$353952
801 #0 $aPT$bBN$gRPC
966 ## $lBN$mFGMON$sVAR. 2620

Etiqueta de registo: 00254nam 2200025 450
001 2066507
003 http://id.bnportugal.gov.pt/bib/catbnp/2066507
100 ## $a20210415d1858 m y0pory01030103ba
101 0# $afre
102 ## $aFR
105 ## $ay z 001yy
106 ## $ar
200 1# $aJésus vivant dans le prêtre$econsidérations sur la grandeur et la sainteté du sacerdoce$fpar le R. P. Millet de la Compagnie de Jésus
210 #9 $aParis$cLibrairie d'Adrien Le Clere et Cie.,$d1858
215 ## $aviii, 667, [1 br.] p.$d18 cm
317 ## $aPert. na p. de tít.: «BIBLIOTHECA DO CONVENTO DE VARATOJO» (carimbo)$5PTBN: VAR. 1249
620 ## $dParis
700 #1 $aMillet,$bJacques Nicolas Thomas,$f1797-1873,$cS.J.$31215830
712 02 $aOrdem dos Frades Menores.$bMissionários Apostólicos.$bConvento de Santo António$c(Varatojo, Torres Vedras)$4390$353952
801 #0 $aPT$bBN$gRPC
856 40 $2Cópia digital disponível em Google Books$uhttps://books.google.pt/books?id=IB9dAAAAcAAJ&printsec=frontcover&hl=pt-PT&source=gbs_ge_summary_r&cad=0#v=onepage&q&f=false
966 ## $lBN$mFGMON$sVAR. 1249

Etiqueta de registo: 00531nam 22001571i 450
001 1271786
003 http://id.bnportugal.gov.pt/bib/catbnp/1271786
100 ## $a20020801d1886 m y0pory0103 ba
101 1# $apor$cfre
102 ## $aPT
105 ## $ay z 001yy
106 ## $ar
200 1# $aJesus vivo no padre$econsiderações sobre a excellencia e sanctidade do sacerdocio$fpelo Rev. Padre Millet da Companhia de Jesus$gversão da terceira edição franceza pelo Rev. Padre M. M. d'Almeida
210 #9 $aPorto$cJosé Frutuoso da Fonseca,$d1886
215 ## $aXXXII, 432 p.$d17 cm
317 ## $aPert. na p. de tít.: «ARQUIVO DAS CONGREGAÇOES» (carimbo)$5PTBN: R. 24246 P., R. 28724 P.
317 ## $aPert. no anterrosto: «ARQUIVO DAS CONGREGAÇOES» (carimbo)$5PTBN: R. 26449 P.
317 ## $aPert. na p. de tít.: «BIBLIOTHECA DO CONVENTO DE VARATOJO» (carimbo)$5PTBN: VAR. 1298
317 ## $aPert. na p. de tít.: «BIBLIOTHECA DO COLLEGIO DO BARRO» (carimbo)$5PTBN: R. 1500 P.
317 ## $aPert. na p. de tít.: «BIBLIOTHECA DO COLLEGIO DO BARRO» (carimbo)$5PTBN: R. 1769 P.
518 1# $aJesus vivo no padre: considerações sobre a excelência e sanctidade do sacerdocio
620 ## $dPorto
700 #1 $aMillet,$bJacques Nicolas Thomas,$f1797-1873,$cS.J.$31215830
702 #1 $aAlmeida,$bM. M. d'$4730$3719950
712 02 $aArquivo das Congregações$c(Lisboa)$4390$357767
712 02 $aOrdem dos Frades Menores.$bMissionários Apostólicos.$bConvento de Santo António$c(Varatojo, Torres Vedras)$4390$353952
712 02 $aCompanhia de Jesus.$bColégio do Barro$c(Torres Vedras)$4390$3721602
801 #0 $aPT$bBN
801 #1 $aFR$bJOUVE
966 ## $lBN$mFGMON$sR. 26246 P.$x0
966 ## $lBN$mFGMON$sR. 26449 P.$x0
966 ## $lBN$mFGMON$sR. 28724 P.$x0
966 ## $lBN$mFGMON$sR. 1500 P.
966 ## $lBN$mFGMON$sR. 1769 P.
966 ## $lBN$mFGMON$sVAR. 1298
995 ## $aPRR2024 $d20240625$idfontes
997 ## $aBIBEOD

OpendataBNP@bnportugal.pt | Mais informação sobre acesso aos dados BNP